Top 30 : Arctic Monkeys - Statistiques

Statistiques générales
  • Ce quiz a été pris 112 fois
  • Le résultat moyen est 12 sur 30
Statistiques - réponses
Top Titres % Correct
3 505
96%
2 Do I Wanna Know?
80%
1 I Wanna Be Yours
80%
5 R U Mine?
64%
9 Arabella
57%
12 Knee Socks
55%
7 No. 1 Party Anthem
51%
4 Why'd You Only Call Me When You're High?
51%
6 Fluorescent Adolescent
50%
8 Snap Out Of It
49%
10 I Bet You Look Good On The Dancefloor
47%
24 Fireside
45%
11 When The Sun Goes Down
42%
17 Crying Lightning
38%
28 Mad Sounds
38%
13 Mardy Bum
38%
15 Brianstorm
36%
16 One For The Road
35%
14 Teddy Picker
35%
23 Cornerstone
34%
22 Do Me a Favour
34%
19 Old Yellow Bricks
31%
26 I Want It All
28%
27 A Certain Romance
26%
29 Four Out Of Five
23%
20 From The Ritz To The Rubble
19%
25 Only Ones Who Know
15%
21 Stop The World I Wanna Get Off With You
14%
30 Fake Tales Of San Francisco
12%
18 Baby I'm Yours
9%
Aucun quiz correspondant
Distribution des résultats
% des personnes avec chaque résultat
Percentile par nombre de réponses
Votre historique - résultats
Vous n’avez pas pris ce quiz